000 00514nam a22001697a 4500
008 151207b xxu||||| |||| 00| 0 eng d
020 _a0974832766
050 _aSPE RC 55 .D35 2006
100 _aDale, David C.
_d 2006.
245 _aACPMEDICINE
_cDavid C. Dale
250 _a2006 ed.
260 _aUSA,
_bWEBMD,
_c 2006.
300 _aXXXVIII, 1418[63]p. :ill.
_bincludes index,
650 _aInternal medicine
700 _aFederman, Daniel D.
942 _2lcc
_cBOOKS
_hSPE RC 55 .D35 2006
999 _c10538
_d10538